000 00245nam a2200121Ia 4500
100 _a#N/A
942 _cBK
245 _amicroelectronic Circuits Theory and Applications
260 _b#N/A
082 _b21539
546 _aENGLISH
999 _c26935
_d26935